Diseño para el control del dolor : propuesta de diseño para la zona de San Ramón de Alajuela, basada en las repercusiones psicológicas del espacio
Gespeichert in:
| 1. Verfasser: | |
|---|---|
| Weitere Verfasser: | |
| Format: | Unbekannt |
| Sprache: | Spanish |
| Veröffentlicht: |
[San José,Costa Rica]
2014
|
| Schlagworte: | |
| Online Zugang: | https://cedi.ucr.ac.cr/arquitectura/diseno-para-el-control-del-dolor-propuesta-de-diseno-para-la-zona-de-san-ramon-de-alajuela-basada-en-las-repercusiones-psicologicas-del-espacio/ |
| Tags: |
Tag hinzufügen
Keine Tags, Fügen Sie den ersten Tag hinzu!
|
MARC
| LEADER | 00000 a2200000 4500 | ||
|---|---|---|---|
| 003 | EA0097 | ||
| 005 | 20231005160949.0 | ||
| 008 | 140114s9999 cr a 000 ||spa d | ||
| 040 | |c cru CEDI | ||
| 090 | |a TFG EA-097 | ||
| 100 | |a Chaves Jiménez, Lucía |9 20146 | ||
| 245 | |a Diseño para el control del dolor : propuesta de diseño para la zona de San Ramón de Alajuela, basada en las repercusiones psicológicas del espacio | ||
| 260 | |a [San José,Costa Rica] |c 2014 | ||
| 500 | |a Trabajo Final de Graduación (licenciatura en arquitectura)--Universidad de Costa Rica. Facultad de Ingeniería. Escuela de Arquitectura | ||
| 501 | |a Director de Trabajo Final de Graduación: Arq. Jhonny Pérez González | ||
| 650 | |x HOSPITALES -- DISEÑO Y CONSTRUCCION |x ESPACIO (ARQUITECTURA) - ASPECTOS PSICOLOGICOS |x PERCEPCION ESPACIAL |x TRATAMIENTO PALIATIVO - COSTA RICA |x TEORIA DE GESTALT |x ENFERMOS CRONICOS - COSTA RICA |9 20147 | ||
| 700 | |9 93 |a Pérez González, Johnny, 1962- |d Director del TFG | ||
| 856 | |u https://cedi.ucr.ac.cr/arquitectura/diseno-para-el-control-del-dolor-propuesta-de-diseno-para-la-zona-de-san-ramon-de-alajuela-basada-en-las-repercusiones-psicologicas-del-espacio/ |y https://cedi.ucr.ac.cr/arquitectura/diseno-para-el-control-del-dolor-propuesta-de-diseno-para-la-zona-de-san-ramon-de-alajuela-basada-en-las-repercusiones-psicologicas-del-espacio/ | ||
| 942 | |c CEDI |2 ddc | ||
| 999 | |c 13097 |d 13097 | ||
